Adivina el país o territorio con emojis #3 - Estadísticas

Estadísticas generales
  • Esta prueba ha sido intentada 14 veces
  • La puntuación promedio es 11 de 30
Estadísticas de respuestas
Imagen Hint Respuesta % Correcto
América Venezuela
73%
Asia Irán
64%
Asia Nepal
64%
América Groenlandia
55%
Asia Irak
55%
América Puerto Rico
55%
América Costa Rica
45%
América Guatemala
45%
Asia Israel
45%
América Panamá
45%
Europa Portugal
45%
Europa Croacia
36%
África Etiopía
36%
Europa Hungría
36%
África Madagascar
36%
Europa Polonia
36%
Europa República Checa
36%
Asia Singapur
36%
Asia Vietnam
36%
Europa Bulgaria
27%
América Paraguay
27%
Asia Sri Lanka
27%
África Túnez
27%
Europa Ucrania
27%
Asia Afganistán
18%
África Angola
18%
África Argelia
18%
América Islas Malvinas
18%
Asia Pakistán
18%
América Trinidad y Tobago
18%
No se encontraron pruebas coincidentes
Distribución de puntuación
Porcentaje de gente con cada puntuación
Porcentaje por número respondido
Historial de tus puntuaciones
No has intentado esta prueba.